| 000 | 01077nam a2200229Ia 4500 | ||
|---|---|---|---|
| 999 |
_c39983 _d39983 |
||
| 001 | 6589 | ||
| 003 | GE_BSU | ||
| 005 | 20191203164707.0 | ||
| 008 | 181216s2008||||ge |||||||||||||| ||geo|| | ||
| 040 | _cGE_BSU | ||
| 041 | _ageo | ||
| 080 | _a94(560) მ-19 | ||
| 100 |
_aმაკარაძე, ემზარ _94143 |
||
| 245 |
_aფეთჰულაჰ გიულენი : _bმწერალი-ინტელექტუალი-მოაზროვნე / _cემზარ მაკარაძე; რედ. ჰარუნ, ჩიმქე, ნათია ფარტენაძე. |
||
| 264 |
_aთბილისი : _bჟურნალ ”ახალი ხიდის” გამ-ბა, _c2008. |
||
| 300 |
_a153 გვ. ; _b20 სმ. |
||
| 600 |
_aგიულენი ფეთჰულაჰ _95688 |
||
| 653 | _aისტორია | ||
| 700 |
_aჩიმქე, ჰარუნ _eრედაქტორი _95689 |
||
| 700 |
_aფარტენაძე, ნათია _eრედაქტორი _93258 |
||
| 942 |
_cBK _2udc |
||